[Event "BIH-chT 21st"]
[Site "Sarajevo"]
[Date "2023.11.08"]
[Round "9.2"]
[White "Milosevic, Milos"]
[Black "Sinanovic, Muhamed"]
[Result "1-0"]
[WhiteElo "2362"]
[BlackElo "2302"]
[PlyCount "59"]
[EventDate "2023.10.31"]
[EventType "team-tourn"]
[EventRounds "9"]
[EventCountry "BIH"]
[SourceTitle "Mega2024 Update 01"]
[Source "Chessbase"]
[SourceDate "2023.11.12"]
[SourceVersion "1"]
[SourceVersionDate "2023.11.12"]
[SourceQuality "1"]
[WhiteTeam "Bihac"]
[BlackTeam "Busovaca Hrasno"]
[WhiteTeamCountry "BIH"]
[BlackTeamCountry "BIH"]

1. e4 c5 2. Nc3 e6 3. Nge2 d6 4. d4 cxd4 5. Nxd4 a6 6. g4 Nc6 7. Be3 Bd7 8. h4 Nge7 9. Nb3 Nc8 10. a4 Na5 11. g5 Be7 12. f4 Nxb3 13. cxb3 Bc6 14. Qd4 Rg8 15. Rg1 Bd7 16. b4 Qc7 17. Rc1 Qb8 18. b5 Na7 19. h5 g6 20. hxg6 hxg6 21. Rh1 axb5 22. axb5 Nc8 23. Rh7 Ra5 24. b4 Ra3 25. b6 Rf8 26. Nb5 Ra4 27. Nc7+ Kd8 28. Rh8 e5 29. Rxf8+ Bxf8 30. Qd5 1-0

[Event "BIH-chT 21st"]
[Site "Sarajevo"]
[Date "2023.11.05"]
[Round "6.2"]
[White "Sinanovic, Muhamed"]
[Black "Ernst, Sipke"]
[Result "0-1"]
[WhiteElo "2302"]
[BlackElo "2541"]
[PlyCount "72"]
[EventDate "2023.10.31"]
[EventType "team-tourn"]
[EventRounds "9"]
[EventCountry "BIH"]
[SourceTitle "Mega2024 Update 01"]
[Source "Chessbase"]
[SourceDate "2023.11.12"]
[SourceVersion "1"]
[SourceVersionDate "2023.11.12"]
[SourceQuality "1"]
[WhiteTeam "Busovaca Hrasno"]
[BlackTeam "Konjic Igman"]
[WhiteTeamCountry "BIH"]
[BlackTeamCountry "BIH"]

1. c4 e6 2. g3 d5 3. Bg2 d4 4. Nf3 Nc6 5. 0-0 Bc5 6. e3 Nge7 7. b3 0-0 8. Ba3 Bxa3 9. Nxa3 e5 10. exd4 exd4 11. d3 Ng6 12. Nc2 a5 13. a3 Bf5 14. Re1 Qf6 15. Qd2 h6 16. h4 Rad8 17. b4 Nge5 18. b5 Nxf3+ 19. Bxf3 Ne5 20. Rxe5 Qxe5 21. Bxb7 Rfe8 22. Bf3 Qf6 23. Ne1 Re7 24. Ng2 g5 25. Rd1 Rde8 26. Qxa5 Bh3 27. Bc6 Re2 28. Rf1 R8e7 29. Qa8+ Kg7 30. hxg5 hxg5 31. a4 Bf5 32. Rd1 Be4 33. Bxe4 Qxf2+ 34. Kh2 Re6 35. Kh3 f5 36. Bxf5 Qxf5+ 0-1

[Event "BIH-chT 19th"]
[Site "Neum"]
[Date "2021.09.19"]
[Round "3.3"]
[White "Kosic, Dragan"]
[Black "Sinanovic, Muhamed"]
[Result "1/2-1/2"]
[WhiteElo "2436"]
[BlackElo "2310"]
[PlyCount "27"]
[EventDate "2021.09.17"]
[EventType "team-tourn"]
[EventRounds "9"]
[EventCountry "BIH"]
[SourceTitle "EXT 2023"]
[Source "ChessBase"]
[SourceDate "2022.10.05"]
[SourceVersion "1"]
[SourceVersionDate "2022.10.05"]
[SourceQuality "1"]
[WhiteTeam "Sarajevo Napredak"]
[BlackTeam "Busovaca Hrasno"]
[WhiteTeamCountry "BIH"]
[BlackTeamCountry "BIH"]

1. d4 e6 2. Bf4 Nf6 3. e3 d5 4. Nd2 Bd6 5. Bg3 c5 6. c3 Nc6 7. Ngf3 Bxg3 8. hxg3 Qd6 9. Bb5 Bd7 10. Bxc6 Bxc6 11. Ne5 h6 12. g4 Rf8 13. Qb3 0-0-0 14. Qa3 1/2-1/2

[Event "Zadar op-A 26th"]
[Site "Zadar"]
[Date "2019.12.22"]
[Round "9"]
[White "Sinanovic, Muhamed"]
[Black "Peng, Hongchi"]
[Result "0-1"]
[WhiteElo "2309"]
[BlackElo "2271"]
[PlyCount "68"]
[EventDate "2019.12.15"]
[EventType "swiss"]
[EventRounds "9"]
[EventCountry "CRO"]
[SourceTitle "CBM 193 Extra"]
[Source "ChessBase"]
[SourceDate "2020.01.31"]
[SourceVersion "1"]
[SourceVersionDate "2020.01.31"]
[SourceQuality "1"]

1. Nf3 g6 2. d4 Bg7 3. Bf4 Nf6 4. h3 0-0 5. e3 d6 6. Be2 Nfd7 7. c3 e5 8. Bh2 Nc6 9. 0-0 e4 10. Nfd2 f5 11. c4 Nf6 12. Nc3 g5 13. Rb1 Ne7 14. b4 Ng6 15. b5 Qe7 16. Qc2 b6 17. Rfc1 Bb7 18. c5 d5 19. Qb3 Kh8 20. Qb4 Qf7 21. Nd1 f4 22. Rc3 Bc8 23. Rbc1 Ne8 24. a4 Nh4 25. f3 Qh5 26. cxb6 axb6 27. Rxc7 Nxc7 28. Rxc7 Bxh3 29. gxh3 exf3 30. Bf1 Rae8 31. exf4 gxf4 32. Nb3 Qg6+ 33. Kh1 Re2 34. Re7 Qg2+ 0-1

[Event "CRO-chT1B 28th"]
[Site "Mali Losinj"]
[Date "2019.10.02"]
[Round "5.45"]
[White "Sinanovic, Muhamed"]
[Black "Krsnik Cohar, Ivan Vihor"]
[Result "1-0"]
[WhiteElo "2312"]
[BlackElo "2340"]
[PlyCount "75"]
[EventDate "2019.09.28"]
[EventType "team-tourn"]
[EventRounds "9"]
[EventCountry "CRO"]
[SourceTitle "EXT 2020"]
[Source "ChessBase"]
[SourceDate "2019.10.17"]
[SourceVersion "1"]
[SourceVersionDate "2019.10.17"]
[SourceQuality "1"]
[WhiteTeam "Bibinje Goran"]
[BlackTeam "Pula"]
[WhiteTeamCountry "CRO"]
[BlackTeamCountry "CRO"]

1. g3 e5 2. c4 Nc6 3. Bg2 f5 4. Nc3 Nf6 5. d3 Bb4 6. Bd2 0-0 7. e3 Bxc3 8. Bxc3 d6 9. Ne2 Qe8 10. Qd2 Be6 11. f4 Rd8 12. 0-0 Qh5 13. h3 Qh6 14. b3 e4 15. Bxf6 Qxf6 16. dxe4 fxe4 17. Nc3 Qe7 18. Kh2 Bf5 19. g4 Bg6 20. Nd5 Qd7 21. f5 Bf7 22. Bxe4 Bxd5 23. Bxd5+ Kh8 24. Bxc6 Qxc6 25. Qd4 d5 26. Rad1 Qd6+ 27. Kg2 Qa3 28. f6 Rf7 29. fxg7+ Rxg7 30. Rd2 Kg8 31. cxd5 h5 32. Rf4 Rd6 33. Qe4 hxg4 34. hxg4 Qc1 35. Rdf2 Rdg6 36. Rf8+ Kh7 37. Rf1 Qb2+ 38. R8f2 1-0

[Event "BIH-chT 18th"]
[Site "Tuzla"]
[Date "2019.06.13"]
[Round "6.1"]
[White "Sinanovic, Muhamed"]
[Black "Jelecevic, Ivo"]
[Result "1/2-1/2"]
[WhiteElo "2313"]
[BlackElo "2121"]
[PlyCount "72"]
[EventDate "2019.06.08"]
[EventType "team-tourn"]
[EventRounds "9"]
[EventCountry "BIH"]
[SourceTitle "CBM 190 Extra"]
[Source "ChessBase"]
[SourceDate "2019.07.15"]
[SourceVersion "1"]
[SourceVersionDate "2019.07.15"]
[SourceQuality "1"]
[WhiteTeam "Busovaca Hrasno"]
[BlackTeam "Samac"]
[WhiteTeamCountry "BIH"]
[BlackTeamCountry "BIH"]

1. c4 c6 2. Nf3 Nf6 3. g3 d5 4. b3 Bg4 5. Bg2 e6 6. 0-0 Nbd7 7. Bb2 Bd6 8. d3 Qe7 9. a3 0-0 10. Nc3 Rfd8 11. h3 Bh5 12. Qc2 Rac8 13. Rfe1 b5 14. e4 dxe4 15. dxe4 Bxf3 16. Bxf3 bxc4 17. bxc4 Be5 18. Be2 Nc5 19. Bf1 Rb8 20. Rab1 Nfd7 21. Kg2 Qf6 22. f4 Rxb2 23. Rxb2 Bxc3 24. e5 Bxe5 25. fxe5 Nxe5 26. Re3 g6 27. Rb1 Rd4 28. Rbe1 Qd8 29. Qc3 f6 30. Be2 Kg7 31. Qb4 Qd6 32. Rb1 Rd2 33. Rb2 Rd4 34. Qb8 Qxb8 35. Rxb8 h5 36. Rc8 Kf7 1/2-1/2

[Event "BIH-chT 18th"]
[Site "Tuzla"]
[Date "2019.06.08"]
[Round "1.1"]
[White "Sinanovic, Muhamed"]
[Black "Pastar, Slaven"]
[Result "1-0"]
[WhiteElo "2313"]
[BlackElo "2291"]
[PlyCount "143"]
[EventDate "2019.06.08"]
[EventType "team-tourn"]
[EventRounds "9"]
[EventCountry "BIH"]
[SourceTitle "CBM 190 Extra"]
[Source "ChessBase"]
[SourceDate "2019.07.15"]
[SourceVersion "1"]
[SourceVersionDate "2019.07.15"]
[SourceQuality "1"]
[WhiteTeam "Busovaca Hrasno"]
[BlackTeam "Pazaric Bjelasnica"]
[WhiteTeamCountry "BIH"]
[BlackTeamCountry "BIH"]

1. g3 d5 2. Bg2 c6 3. Nf3 Nf6 4. 0-0 Bg4 5. h3 Bf5 6. d3 Nbd7 7. Nh4 Bg6 8. Nd2 e6 9. e4 Nc5 10. Qe2 Be7 11. Nxg6 hxg6 12. b3 dxe4 13. Nxe4 a5 14. a3 Nfxe4 15. dxe4 Bf6 16. e5 Be7 17. Be3 Qc7 18. f4 Rd8 19. Qf2 Nd7 20. Rfd1 0-0 21. Rd3 Rb8 22. a4 b6 23. Qf3 Nc5 24. Rd2 Rbc8 25. Rad1 g5 26. Kh2 gxf4 27. gxf4 Rfe8 28. Qg3 Qb8 29. Bf3 Red8 30. Rxd8+ Rxd8 31. Rg1 Bf8 32. Bxc6 Qc7 33. Bf3 Na6 34. Rg2 Nc5 35. Qf2 Be7 36. Qf1 g6 37. Qb5 Kg7 38. Rd2 Rxd2+ 39. Bxd2 g5 40. Qe2 Nd7 41. c4 Kf8 42. Qe4 Nc5 43. Qc2 gxf4 44. Bxf4 Bf6 45. Qe2 Nd7 46. Kg2 Bxe5 47. Bh6+ Ke7 48. Qe3 Bf6 49. Bf4 Be5 50. Bg5+ f6 51. Bh4 Qd6 52. Bf2 Bf4 53. Qe4 f5 54. Qb7 Kf6 55. Bc6 Ne5 56. Be8 Qd2 57. Qxb6 Qd3 58. Qd4 Qf3+ 59. Kg1 Ke7 60. Bh5 Qxh5 61. Qxf4 Qxh3 62. Qxe5 Qg4+ 63. Qg3 Qd1+ 64. Kg2 Kf6 65. Qf3 Qc2 66. c5 e5 67. Qd5 f4 68. c6 e4 69. Qc4 Qd1 70. Qd4+ Qxd4 71. Bxd4+ Ke6 72. c7 1-0

[Event "Zadar op-A 25th"]
[Site "Zadar"]
[Date "2018.12.20"]
[Round "7"]
[White "Sinanovic, Muhamed"]
[Black "Bosnjak, Petar"]
[Result "1/2-1/2"]
[WhiteElo "2325"]
[BlackElo "2255"]
[PlyCount "87"]
[EventDate "2018.12.15"]
[EventType "swiss"]
[EventRounds "9"]
[EventCountry "CRO"]
[SourceTitle "CBM 187 Extra"]
[Source "ChessBase"]
[SourceDate "2018.11.04"]
[SourceVersion "1"]
[SourceVersionDate "2018.11.04"]
[SourceQuality "1"]

1. g3 d5 2. Bg2 Nf6 3. Nf3 e6 4. 0-0 Be7 5. d3 c5 6. Nbd2 Nc6 7. e4 Qc7 8. Re1 b6 9. Nf1 d4 10. Nh4 Nd7 11. f4 Bb7 12. Nf3 b5 13. g4 h5 14. gxh5 Nf6 15. Ng3 Nxh5 16. Nxh5 Rxh5 17. Ng5 Rh4 18. Nf3 Rh8 19. c3 Rd8 20. cxd4 Nxd4 21. Nxd4 cxd4 22. Bd2 a5 23. Rc1 Qb6 24. Qg4 Kf8 25. Rf1 Rc8 26. Rxc8+ Bxc8 27. e5 g6 28. Rc1 Kg7 29. Qf3 b4 30. Qc6 Qd8 31. Qc7 Ba6 32. Be4 Bh4 33. Qxd8 Rxd8 34. Kf1 Rc8 35. Ke2 Rxc1 36. Bxc1 Bb5 37. b3 Be7 38. Kf3 Bc5 39. Bd2 Bb6 40. h4 Bc5 41. Kg4 Be8 42. Bc1 Kg8 43. Bd2 Kg7 44. Bc1 1/2-1/2

[Event "Zadar op-A 25th"]
[Site "Zadar"]
[Date "2018.12.16"]
[Round "2"]
[White "Michalicka, Milan"]
[Black "Sinanovic, Muhamed"]
[Result "0-1"]
[WhiteElo "2205"]
[BlackElo "2325"]
[PlyCount "70"]
[EventDate "2018.12.15"]
[EventType "swiss"]
[EventRounds "9"]
[EventCountry "CRO"]
[SourceTitle "CBM 187 Extra"]
[Source "ChessBase"]
[SourceDate "2018.11.04"]
[SourceVersion "1"]
[SourceVersionDate "2018.11.04"]
[SourceQuality "1"]

1. d4 e6 2. c4 Bb4+ 3. Bd2 Qe7 4. Nf3 Nf6 5. Nc3 0-0 6. Rc1 d6 7. g3 c5 8. Bg2 Nc6 9. dxc5 dxc5 10. a3 Ba5 11. 0-0 Rd8 12. Qc2 b6 13. Bg5 Bxc3 14. Qxc3 Bb7 15. Qc2 h6 16. Bf4 e5 17. Be3 e4 18. Nd2 Nd4 19. Bxd4 cxd4 20. b4 e3 21. Nb3 Bxg2 22. Kxg2 exf2 23. h3 a5 24. bxa5 bxa5 25. Rcd1 Ne4 26. Rd3 Qe5 27. Nd2 Rac8 28. Nxe4 Qxe4+ 29. Kxf2 Rc6 30. Rc1 Rf6+ 31. Rf3 Rxf3+ 32. exf3 Qe3+ 33. Kg2 d3 34. Qd1 d2 35. Ra1 Qc3 0-1

[Event "CRO-chT1B 27th"]
[Site "Biograd"]
[Date "2018.09.16"]
[Round "2.14"]
[White "Sinanovic, Muhamed"]
[Black "Vernacki, Srdjan"]
[Result "0-1"]
[WhiteElo "2339"]
[BlackElo "2357"]
[PlyCount "156"]
[EventDate "2018.09.15"]
[EventType "team-swiss"]
[EventRounds "9"]
[EventCountry "CRO"]
[SourceTitle "CBM 186 Extra"]
[Source "ChessBase"]
[SourceDate "2018.08.24"]
[SourceVersion "1"]
[SourceVersionDate "2018.08.24"]
[SourceQuality "1"]
[WhiteTeam "Bibinje Goran"]
[BlackTeam "Strigova Stridon"]
[WhiteTeamCountry "CRO"]
[BlackTeamCountry "CRO"]

1. c4 c5 2. Nc3 Nf6 3. g3 e6 4. Bg2 Be7 5. Nf3 0-0 6. 0-0 a6 7. b3 Qc7 8. Bb2 d6 9. e3 b6 10. d4 cxd4 11. exd4 Nbd7 12. Re1 Bb7 13. Rc1 Rfe8 14. a4 Rac8 15. d5 e5 16. Bh3 Bf8 17. Nd2 Rcd8 18. Qe2 Bc8 19. f3 g6 20. Ba3 Nh5 21. Bf1 Ng7 22. b4 Nf5 23. Nb3 Nd4 24. Qd1 Bh6 25. Rb1 Nxb3 26. Rxb3 Nf6 27. Bc1 Bxc1 28. Qxc1 Bf5 29. Ne4 Bxe4 30. fxe4 a5 31. c5 bxc5 32. b5 Nd7 33. Qh6 Nb6 34. Rf3 Qe7 35. Bh3 Rf8 36. Ref1 f6 37. Be6+ Kh8 38. g4 Qg7 39. Qd2 Rb8 40. Qxa5 Qh6 41. Qe1 Nxa4 42. Rxf6 Rxf6 43. Rxf6 Nb2 44. Qe2 Qc1+ 45. Rf1 Qc3 46. Kh1 Qd3 47. Qg2 Nc4 48. Qf3 Qxf3+ 49. Rxf3 Nd2 50. Rf7 Nxe4 51. h4 c4 52. Kg2 c3 53. Rf1 Nc5 54. Rc1 Rxb5 55. Rxc3 Kg7 56. g5 Rb2+ 57. Kg1 Rb4 58. Ra3 Ra4 59. Rf3 Rf4 60. Ra3 Ra4 61. Rf3 Nxe6 62. dxe6 Rg4+ 63. Kh2 Rxh4+ 64. Kg3 Rb4 65. Rf7+ Kg8 66. Rd7 Kf8 67. Rxd6 Ke7 68. Ra6 Rd4 69. Kf3 Rd6 70. Ra7+ Kxe6 71. Rxh7 Kf5 72. Rf7+ Kxg5 73. Ke4 Rf6 74. Ra7 Rf1 75. Kxe5 Re1+ 76. Kd4 Kf4 77. Rf7+ Kg4 78. Kd3 g5 0-1

[Event "BIH-chT 17th"]
[Site "Jahorina"]
[Date "2018.06.04"]
[Round "3.4"]
[White "Nikolic, Predrag"]
[Black "Sinanovic, Muhamed"]
[Result "1-0"]
[WhiteElo "2582"]
[BlackElo "2353"]
[PlyCount "153"]
[EventDate "2018.06.02"]
[EventType "team-tourn"]
[EventRounds "9"]
[EventCountry "BIH"]
[SourceTitle "CBM 184 Extra"]
[Source "ChessBase"]
[SourceDate "2018.06.28"]
[SourceVersion "1"]
[SourceVersionDate "2018.06.28"]
[SourceQuality "1"]
[WhiteTeam "Sarajevo Bosna"]
[BlackTeam "Tuzla Sloboda"]
[WhiteTeamCountry "BIH"]
[BlackTeamCountry "BIH"]

1. d4 Nf6 2. Nf3 g6 3. g3 Bg7 4. Bg2 0-0 5. 0-0 d6 6. c4 Nc6 7. d5 Na5 8. Nfd2 c5 9. a3 b6 10. b4 Nb7 11. Bb2 Bd7 12. Nc3 cxb4 13. axb4 a5 14. b5 Rc8 15. Na4 Ne8 16. Bxg7 Nxg7 17. Rc1 Nc5 18. Nf3 Nxa4 19. Qxa4 e5 20. dxe6 Nxe6 21. Qa3 Rc5 22. Nd2 Re5 23. Qxd6 Rxe2 24. Ne4 Bc8 25. Rfd1 Qxd6 26. Rxd6 Nc5 27. Nxc5 bxc5 28. Bf3 Rb2 29. Ra6 Bxa6 30. bxa6 Rb6 31. Bb7 Rb8 32. Ra1 R8xb7 33. axb7 Rxb7 34. Rxa5 Rc7 35. Ra8+ Kg7 36. Rd8 Kf6 37. Rd5 Ke6 38. g4 h6 39. Kg2 Rd7 40. Rxc5 Rd4 41. Kg3 Kd6 42. Rc8 Kd7 43. Rh8 Rxc4 44. Rxh6 Ke7 45. Rh8 Kf6 46. Ra8 Rc5 47. f3 g5 48. Rh8 Kg6 49. Rh5 f6 50. Rh8 Rc3 51. h4 gxh4+ 52. Rxh4 Rb3 53. Rh8 Rb4 54. Rh5 Rb3 55. Rd5 Ra3 56. Kf4 Rb3 57. Rd4 Rc3 58. Rd8 Rc4+ 59. Kg3 Rb4 60. f4 Rb3+ 61. Kf2 Rc3 62. Rd7 Rb3 63. Re7 Ra3 64. Re3 Ra1 65. Rb3 Rc1 66. Rb6 Kg7 67. Kf3 Rc4 68. Ke3 Rc1 69. Rb7+ Kh6 70. Kf3 Rc4 71. Rd7 Ra4 72. f5 Ra1 73. Rf7 Ra6 74. Ke4 Rb6 75. Kf4 Ra6 76. Rf8 Rb6 77. Rg8 1-0

[Event "BIH-chT 17th"]
[Site "Jahorina"]
[Date "2018.06.03"]
[Round "2.3"]
[White "Sinanovic, Muhamed"]
[Black "Stojanovic, Dalibor"]
[Result "1/2-1/2"]
[WhiteElo "2353"]
[BlackElo "2481"]
[PlyCount "56"]
[EventDate "2018.06.02"]
[EventType "team-tourn"]
[EventRounds "9"]
[EventCountry "BIH"]
[SourceTitle "CBM 184 Extra"]
[Source "ChessBase"]
[SourceDate "2018.06.28"]
[SourceVersion "1"]
[SourceVersionDate "2018.06.28"]
[SourceQuality "1"]
[WhiteTeam "Tuzla Sloboda"]
[BlackTeam "Busovaca Hrasno"]
[WhiteTeamCountry "BIH"]
[BlackTeamCountry "BIH"]

1. c4 e5 2. g3 Nc6 3. Bg2 Bc5 4. Nc3 a6 5. d3 d6 6. Nf3 Nge7 7. 0-0 0-0 8. a3 Ba7 9. Be3 Bg4 10. Bxa7 Rxa7 11. h3 Bh5 12. g4 Bg6 13. e4 h5 14. Nh4 hxg4 15. hxg4 Nd4 16. Nf5 Ne6 17. Ne2 Nc6 18. Qd2 Ra8 19. Qe3 Rb8 20. Rac1 Re8 21. b4 Bh7 22. Bf3 Ne7 23. d4 exd4 24. Nfxd4 Ng6 25. Bg2 Nxd4 26. Qxd4 Qg5 27. f3 Nh4 28. Nc3 Qf4 1/2-1/2

[Event "BIH-chT 17th"]
[Site "Jahorina"]
[Date "2018.06.02"]
[Round "1.3"]
[White "Kosic, Dragan"]
[Black "Sinanovic, Muhamed"]
[Result "1/2-1/2"]
[WhiteElo "2461"]
[BlackElo "2353"]
[PlyCount "80"]
[EventDate "2018.06.02"]
[EventType "team-tourn"]
[EventRounds "9"]
[EventCountry "BIH"]
[SourceTitle "CBM 184 Extra"]
[Source "ChessBase"]
[SourceDate "2018.06.28"]
[SourceVersion "1"]
[SourceVersionDate "2018.06.28"]
[SourceQuality "1"]
[WhiteTeam "Sarajevo Napredak"]
[BlackTeam "Tuzla Sloboda"]
[WhiteTeamCountry "BIH"]
[BlackTeamCountry "BIH"]

1. d4 Nf6 2. Nf3 e6 3. e3 b6 4. Bd3 Bb7 5. 0-0 Be7 6. c4 0-0 7. Nc3 d5 8. cxd5 Nxd5 9. e4 Nxc3 10. bxc3 c5 11. Be3 cxd4 12. cxd4 Nc6 13. Rc1 Rc8 14. Qa4 Qd6 15. Rfd1 Qa3 16. Qb5 Nb4 17. Bb1 Bc6 18. Qe2 Ba4 19. Re1 a6 20. Ne5 Bb5 21. Nc4 Bxc4 22. Rxc4 b5 23. Rxc8 Rxc8 24. g3 Bf8 25. Rd1 g6 26. h4 Qc3 27. d5 exd5 28. exd5 Bd6 29. h5 Qe5 30. hxg6 hxg6 31. Qd2 Qc3 32. Qxc3 Rxc3 33. Bd4 Rc4 34. Bb2 a5 35. Kg2 Kf8 36. Rd2 Ke7 37. a3 Na6 38. Bd3 Rc5 39. a4 Nc7 40. Bxb5 Nxb5 1/2-1/2

[Event "BIH-chT2"]
[Site "Bosna"]
[Date "2017.08.27"]
[Round "5.4"]
[White "Sinanovic, Muhamed"]
[Black "Petrovic, Sasa"]
[Result "1/2-1/2"]
[WhiteElo "2376"]
[BlackElo "2190"]
[PlyCount "124"]
[EventDate "2017.08.25"]
[EventType "team-tourn"]
[EventRounds "9"]
[EventCountry "BIH"]
[SourceTitle "EXT 2019"]
[Source "ChessBase"]
[SourceDate "2018.10.10"]
[SourceVersion "1"]
[SourceVersionDate "2018.10.10"]
[SourceQuality "1"]

1. c4 f5 2. d4 Nf6 3. Nf3 g6 4. Nc3 Bg7 5. e3 0-0 6. Be2 c6 7. 0-0 Ne4 8. Qc2 Nxc3 9. Qxc3 d6 10. b4 Nd7 11. a4 e5 12. Ba3 exd4 13. exd4 Nf6 14. Rfe1 Ne4 15. Qc2 Be6 16. Rad1 Bf7 17. Bd3 Ng5 18. Be2 Re8 19. Bb2 Nxf3+ 20. Bxf3 Qd7 21. Kf1 Rxe1+ 22. Rxe1 Re8 23. Rxe8+ Qxe8 24. Be2 d5 25. c5 Qe4 26. Qxe4 dxe4 27. b5 Bd5 28. a5 cxb5 29. Bxb5 a6 30. Be2 f4 31. Ke1 Kf7 32. Kd2 Bf6 33. f3 Ke6 34. Kc3 Bd8 35. Kb4 h5 36. Bc3 Bf6 37. Bc4 exf3 38. gxf3 g5 39. h3 Bd8 40. Kb3 g4 41. fxg4 hxg4 42. hxg4 f3 43. Be1 Bxa5 44. Bf2 Bd2 45. Kc2 Bxc4 46. Kxd2 a5 47. Ke3 Bd5 48. Be1 a4 49. Bb4 Kd7 50. Ba3 Kc6 51. g5 Kb5 52. Kd3 Bf7 53. Ke3 Kc4 54. Kxf3 Kxd4 55. Kf4 Bg6 56. Bb2+ Kxc5 57. Ke3 Kc4 58. Kd2 Kb3 59. Kc1 b5 60. Bf6 a3 61. Be7 b4 62. Bf8 Ka4 1/2-1/2

[Event "BIH-chT2"]
[Site "Bosna"]
[Date "2017.08.26"]
[Round "2.1"]
[White "Abdic, Adnan"]
[Black "Sinanovic, Muhamed"]
[Result "0-1"]
[WhiteElo "2148"]
[BlackElo "2376"]
[PlyCount "60"]
[EventDate "2017.08.25"]
[EventType "team-tourn"]
[EventRounds "9"]
[EventCountry "BIH"]
[SourceTitle "EXT 2019"]
[Source "ChessBase"]
[SourceDate "2018.10.10"]
[SourceVersion "1"]
[SourceVersionDate "2018.10.10"]
[SourceQuality "1"]

1. e4 d6 2. d4 Nf6 3. Nc3 g6 4. Bg5 Bg7 5. Qd2 h6 6. Bf4 Nc6 7. d5 Ne5 8. h3 c6 9. dxc6 Nxc6 10. Bc4 Bd7 11. 0-0-0 Rc8 12. Nge2 Na5 13. Bd3 b5 14. Nd5 Nxd5 15. exd5 Nc4 16. Bxc4 Rxc4 17. g4 b4 18. Be3 Ba4 19. Nd4 Bxd4 20. Bxd4 Rxc2+ 21. Qxc2 Bxc2 22. Bxh8 Qc7 23. Kd2 Bxd1 24. Rxd1 Qc4 25. Ke3 f6 26. Bg7 Qxa2 27. Bxh6 Qxb2 28. h4 Qc3+ 29. Ke2 b3 30. Be3 b2 0-1

[Event "CRO-chT1B 25th"]
[Site "Sibenik"]
[Date "2016.10.16"]
[Round "9.3"]
[White "Sinanovic, Muhamed"]
[Black "Grachev, Boris V"]
[Result "0-1"]
[WhiteElo "2396"]
[BlackElo "2628"]
[PlyCount "45"]
[EventDate "2016.10.08"]
[EventType "team-tourn"]
[EventRounds "9"]
[EventCountry "CRO"]
[SourceTitle "EXT 2017"]
[Source "ChessBase"]
[SourceDate "2016.10.25"]
[SourceVersion "1"]
[SourceVersionDate "2016.10.25"]
[SourceQuality "1"]
[WhiteTeam "Bibinje Goran"]
[BlackTeam "Rijeka Rijeka"]
[WhiteTeamCountry "CRO"]
[BlackTeamCountry "CRO"]

1. c4 b6 2. b3 Bb7 3. Bb2 e6 4. e3 Nf6 5. Nf3 Be7 6. Be2 0-0 7. 0-0 c5 8. d4 cxd4 9. Nxd4 a6 10. Nc3 d6 11. Bf3 Qc8 12. Rc1 Ra7 13. Qe2 Nbd7 14. Rfd1 Bxf3 15. Qxf3 Rc7 16. h3 Rd8 17. Qe2 Qb7 18. Qf3 Qc8 19. Qe2 Bf8 20. Nf3 Be7 21. Nd2 Ne5 22. Nf1 Rcd7 23. Rd4 0-1

[Event "CRO-chT1B 25th"]
[Site "Sibenik"]
[Date "2016.10.11"]
[Round "4.5"]
[White "Sinanovic, Muhamed"]
[Black "Stojanovski, Dejan"]
[Result "0-1"]
[WhiteElo "2396"]
[BlackElo "2443"]
[PlyCount "87"]
[EventDate "2016.10.08"]
[EventType "team-tourn"]
[EventRounds "9"]
[EventCountry "CRO"]
[SourceTitle "EXT 2017"]
[Source "ChessBase"]
[SourceDate "2016.10.25"]
[SourceVersion "1"]
[SourceVersionDate "2016.10.25"]
[SourceQuality "1"]
[WhiteTeam "Bibinje Goran"]
[BlackTeam "Split Mornar"]
[WhiteTeamCountry "CRO"]
[BlackTeamCountry "CRO"]

1. c4 c5 2. Nc3 Nf6 3. Nf3 g6 4. e4 d6 5. d4 cxd4 6. Nxd4 Nc6 7. Nc2 Bg7 8. Be2 0-0 9. 0-0 Nd7 10. Bd2 a5 11. Rb1 Nc5 12. f3 f5 13. Ne3 fxe4 14. fxe4 Rxf1+ 15. Bxf1 Ne5 16. b3 Bd7 17. Qc2 Bc6 18. a3 Ne6 19. Qd1 Nc5 20. Qe2 b6 21. Ned5 e6 22. Ne3 Qh4 23. Be1 Qg5 24. Bf2 Nf3+ 25. Kh1 Nd4 26. Qd1 Nxe4 27. Nxe4 Bxe4 28. Bd3 Rf8 29. Bg1 Bc6 30. Qg4 Qe5 31. Qg3 Qxg3 32. hxg3 Rb8 33. b4 axb4 34. axb4 Ra8 35. Bf2 Ra2 36. Kg1 Kf7 37. b5 Bb7 38. Ng4 Ke7 39. Re1 Nb3 40. Ne3 Nc5 41. Bb1 Rb2 42. Nd5+ Bxd5 43. cxd5 Bc3 44. Rc1 0-1

[Event "CRO-chT1B 24th"]
[Site "Bol"]
[Date "2015.10.06"]
[Round "4.32"]
[White "Sinanovic, Muhamed"]
[Black "Saric, Ibro"]
[Result "1/2-1/2"]
[WhiteElo "2419"]
[BlackElo "2565"]
[PlyCount "147"]
[EventDate "2015.10.03"]
[EventType "team-tourn"]
[EventRounds "9"]
[EventCountry "CRO"]
[SourceTitle "CBM 168 Extra"]
[Source "ChessBase"]
[SourceDate "2015.10.29"]
[SourceVersion "1"]
[SourceVersionDate "2015.10.29"]
[SourceQuality "1"]
[WhiteTeam "Bibinje Goran"]
[BlackTeam "Kastel Stari Sedlar"]
[WhiteTeamCountry "CRO"]
[BlackTeamCountry "CRO"]

1. c4 e5 2. Nc3 Nc6 3. g3 Bc5 4. Bg2 a6 5. e3 d6 6. Nge2 Nge7 7. 0-0 Ba7 8. Rb1 Bf5 9. d3 Qd7 10. b4 Bh3 11. a4 h5 12. b5 Nd8 13. f3 Bxg2 14. Kxg2 Qe6 15. e4 c6 16. b6 Bb8 17. a5 f5 18. Bg5 Nf7 19. Bxe7 Kxe7 20. h3 g5 21. Rc1 f4 22. g4 Kf8 23. Rh1 Rh6 24. Qb3 Qf6 25. Rcd1 Qh8 26. Qb1 Nd8 27. d4 exd4 28. Rxd4 Qe5 29. Qa2 Nf7 30. Rd3 Qc5 31. Rd4 hxg4 32. hxg4 Rxh1 33. Kxh1 d5 34. cxd5 Be5 35. Rd3 Kg7 36. Kg2 Rd8 37. Qa4 Kg6 38. Nd4 Bxd4 39. Qxd4 Qxd4 40. Rxd4 Ne5 41. Na4 cxd5 42. Nc5 Nc4 43. Nxb7 Ne3+ 44. Kf2 Rh8 45. Ke2 Kf6 46. Nc5 Ke5 47. Rd2 dxe4 48. Nxe4 Nc4 49. Rc2 Kd4 50. Ra2 Rh2+ 51. Nf2 Rh7 52. Ra1 Rh8 53. Rd1+ Kc5 54. Ne4+ Kc6 55. Rc1 Kd5 56. Rb1 Nxa5 57. Nxg5 Nb7 58. Rb4 Rh6 59. Kd3 a5 60. Rxf4 Nc5+ 61. Kc3 Rxb6 62. Rf5+ Kc6 63. Rf6+ Kd5 64. Rxb6 Na4+ 65. Kb3 Nxb6 66. f4 a4+ 67. Ka2 Nc4 68. Nh3 Ke4 69. f5 Ne5 70. f6 Nf7 71. Ka3 Ke5 72. g5 Nxg5 73. Nxg5 Kxf6 74. Kxa4 1/2-1/2